000 00323 a2200133 4500
000 nam a22 7a 4500
100 _aMurthy, Janani
110 _aMurthy, Janani
245 _aEncyclopaedia of Cyber Law and Ethics
250 _aLatest edition
260 _bOxford
_c2025
264 _bOxford
_c2025
942 _cBK
999 _c396190
_d396190